| 000 | 00730nam a2200205Ii 4500 | ||
|---|---|---|---|
| 003 | JO-AjNU | ||
| 008 | 230605s9999||||xx |||||||||||||| ||und|| | ||
| 040 |
_aJO-AjNU _bara _erda _cJO-AjNU |
||
| 041 | _aara | ||
| 050 | 1 | 4 | _aJX1995.A226.1997 |
| 100 | 3 |
_a عبد الحميد ، محمد سامى , _eauthor _931264 |
|
| 245 | 0 | 0 | _aقانون المنظمات الدولية : الجزء الاول - الأمم المتحدة |
| 250 | _a(د،ط) | ||
| 264 | 3 | 1 | _aالاسكندرية : دار المطبوعات الجامعية ، 1997 |
| 300 | _a258ص | ||
| 336 |
_atext _btxt _2rdacontent |
||
| 337 |
_aunmediated _bn _2rdamedia |
||
| 338 |
_avolume _bnc _2rdacarrier |
||
| 650 | 4 |
_aالمنظمات الدولية _931265 |
|
| 999 |
_aA12487 _c16055 _d16055 |
||